000
00220nam a22001097a 4500
040
_c
SP
082
_a
333
100
_a
CHAY KONGKRUY
245
_a
Environmental Impact Assessment
260
_a
RUA
_b
CHA
_c
2012
942
_c
EK
999
_c
8559
_d
8559